[Event "Doeberl Cup Minor 40th"]
[Site "Canberra"]
[Date "2002.03.29"]
[Round "1"]
[White "Bisson, Daniel"]
[Black "Keuning, Patrick"]
[Result "1-0"]
[WhiteElo "1546"]
[BlackElo "1178"]
[PlyCount "63"]
[EventDate "2002.03.29"]
[EventType "swiss"]
[EventRounds "7"]
[EventCountry "AUS"]
[SourceTitle "EXT 2004"]
[Source "ChessBase"]
[SourceDate "2003.11.25"]
[SourceVersion "1"]
[SourceVersionDate "2003.11.25"]
[SourceQuality "1"]

1. d4 Nf6 2. c4 e6 3. Nc3 b6 4. e4 Bb4 5. Qc2 Bb7 6. Bd3 d5 7. cxd5 exd5 8. e5 Ne4 9. a3 Bxc3+ 10. bxc3 Nc6 11. Nf3 0-0 12. 0-0 Ne7 13. c4 f5 14. exf6 Nxf6 15. Ng5 g6 16. Ne6 Qd7 17. Nxf8 Rxf8 18. cxd5 Nexd5 19. Bh6 Rf7 20. Rae1 Ng4 21. Bd2 Qd6 22. g3 Qf8 23. Bb4 Nxb4 24. axb4 Rd7 25. Bc4+ Kh8 26. Qc3 Qf6 27. Re8+ Kg7 28. Rg8+ Kh6 29. Qd2+ Kh5 30. h3 Qf3 31. hxg4+ Kxg4 32. Be2 1-0